Lower antioxidative capacity of multidrug-resistant cancer cells confers collateral sensitivity to protoflavone derivatives

Elmentve itt :
Bibliográfiai részletek
Szerzők: Stanković Tijana
Dankó Balázs
Martins Ana
Dragoj Miodrag
Stojiljković Sonja
Isaković Aleksandra
Wang Hui-Chun
Wu Yang-Chang
Hunyadi Attila
Pesić Milica
Dokumentumtípus: Cikk
Megjelent: 2015
Sorozat:CANCER CHEMOTHERAPY AND PHARMACOLOGY 76 No. 3
doi:10.1007/s00280-015-2821-9

mtmt:2935089
Online Access:http://publicatio.bibl.u-szeged.hu/6684
LEADER 01099nab a2200301 i 4500
001 publ6684
005 20181004181216.0
008 160506s2015 hu o 0|| zxx d
022 |a 0344-5704 
024 7 |a 10.1007/s00280-015-2821-9  |2 doi 
024 7 |a 2935089  |2 mtmt 
040 |a SZTE Publicatio Repozitórium  |b hun 
041 |a zxx 
100 1 |a Stanković Tijana 
245 1 0 |a Lower antioxidative capacity of multidrug-resistant cancer cells confers collateral sensitivity to protoflavone derivatives  |h [elektronikus dokumentum] /  |c  Stanković Tijana 
260 |c 2015 
300 |a 555-565 
490 0 |a CANCER CHEMOTHERAPY AND PHARMACOLOGY  |v 76 No. 3 
700 0 1 |a Dankó Balázs  |e aut 
700 0 1 |a Martins Ana  |e aut 
700 0 1 |a Dragoj Miodrag  |e aut 
700 0 1 |a Stojiljković Sonja  |e aut 
700 0 1 |a Isaković Aleksandra  |e aut 
700 0 1 |a Wang Hui-Chun  |e aut 
700 0 1 |a Wu Yang-Chang  |e aut 
700 0 1 |a Hunyadi Attila  |e aut 
700 0 1 |a Pesić Milica  |e aut 
856 4 0 |u http://publicatio.bibl.u-szeged.hu/6684/1/2935089%20Stankovic%20CancerChemotherPharmacol_2015.pdf  |z Dokumentum-elérés